[Event "11. Senioren Team Europameiste"]
[Site "Velden - Casino"]
[Date "2009.04.05"]
[Round "1"]
[Board "2"]
[White "Kugelmann, Werner"]
[Black "Johanssen, Tom J"]
[Result "1-0"]
[WhiteElo "2190"]
[BlackElo "1891"]
[PlyCount "121"]
[EventDate "2009.04.05"]
[EventType "team"]
[EventRounds "9"]
[EventCountry "AUT"]
[WhiteTeam "Stiftung Bahn-Sozialwerk/DBAG I"]
[BlackTeam "Norwegen 4"]

1.e4 c5 2.Nc3 Nc6 3.f4 d6 4.Nf3 g6 5.Bc4 Bg7 6.d3 Nf6 7.O-O O-O 8.Qe1 a6 9.a4 e5
10.Bd2 exf4 11.Bxf4 Be6 12.Rd1 Ng4 13.Bg5 Qd7 14.Bd5 Rae8 15.Qh4 h6 16.Bc1 Bf6
17.Bxe6 Qxe6 18.Qh3 Nb4 19.Bxh6 Nxh6 20.Qxh6 Bg7 21.Qh4 Bf6 22.Ng5 Bxg5 23.Qxg5
Kg7 24.Rd2 Qe5 25.Qe3 Nd5 26.Nxd5 Qxd5 27.Qf2 Qe5 28.c3 f5 29.d4 cxd4 30.Qxd4
fxe4 31.Qxe5+ Rxe5 32.Rxd6 Ref5 33.Rxf5 gxf5 34.g3 Rf7 35.Kf2 Rf6 36.Rd7+ Kg6
37.Rxb7 Rd6 38.Ke2 Kg5 39.Rg7+ Kf6 40.Rg8 Rb6 41.b4 Rc6 42.Ra8 Kg5 43.Kd2 Kg4
44.b5 axb5 45.axb5 Rh6 46.Ke3 Rd6 47.c4 Rd3+ 48.Ke2 Rb3 49.Rg8+ Kh3 50.Rh8+ Kg2
51.Rh5 Rb2+ 52.Ke3 Rb3+ 53.Kd2 Rf3 54.Rh6 Kf2 55.Re6 Rd3+ 56.Kc2 Rd8 57.Re5 Rf8
58.c5 e3 59.c6 f4 60.gxf4 Rxf4 61.Kd3

[Event "11. Senioren Team Europameiste"]
[Site "Velden - Casino"]
[Date "2009.04.06"]
[Round "2"]
[Board "1"]
[White "Tseshkovsky, Vitaly"]
[Black "Hoen, Ragnar"]
[Result "1-0"]
[WhiteElo "2554"]
[BlackElo "2273"]
[PlyCount "65"]
[EventDate "2009.04.05"]
[EventType "team"]
[EventRounds "9"]
[EventCountry "AUT"]
[WhiteTeam "Russland"]
[BlackTeam "Norwegen 1"]

1.e4 e5 2.Nf3 Nc6 3.Bb5 d6 4.d4 exd4 5.Nxd4 Bd7 6.Nc3 Nf6 7.O-O Be7 8.Bxc6 bxc6
9.Re1 O-O 10.Bf4 c5 11.Nb3 Be6 12.Na5 Qd7 13.e5 dxe5 14.Bxe5 Rfd8 15.Qxd7 Rxd7
16.Rad1 c4 17.Rxd7 Nxd7 18.Nc6 Nxe5 19.Nxe7+ Kf8 20.Rxe5 Kxe7 21.f4 g6 22.Kf2 c6
23.Ke3 a5 24.g4 a4 25.a3 f6 26.Rc5 Kd6 27.Ne4+ Kc7 28.Nxf6 Rb8 29.Re5 Bc8
30.Re7+ Kd6 31.Rxh7 Rxb2 32.Ne4+ Kd5 33.Rh8

[Event "11. Senioren Team Europameiste"]
[Site "Velden - Casino"]
[Date "2009.04.06"]
[Round "2"]
[Board "2"]
[White "Gundersen, Helge"]
[Black "Vasiukov, Evgeni"]
[Result "0-1"]
[WhiteElo "2247"]
[BlackElo "2482"]
[PlyCount "74"]
[EventDate "2009.04.05"]
[EventType "team"]
[EventRounds "9"]
[EventCountry "AUT"]
[WhiteTeam "Norwegen 1"]
[BlackTeam "Russland"]

1.b3 e5 2.Bb2 d6 3.e3 Nf6 4.d4 e4 5.c4 d5 6.Nc3 c6 7.Qc2 Na6 8.a3 Nc7 9.O-O-O
Bf5 10.h3 h5 11.Nge2 Qd7 12.Ng3 Bg6 13.Kb1 Be7 14.Nge2 h4 15.Rc1 Kf8 16.Nf4 Bf5
17.cxd5 cxd5 18.Na4 Bd6 19.Nc5 Qc8 20.b4 g5 21.Ne2 b6 22.Na4 Qd7 23.Qc6 Qxc6
24.Rxc6 Ke7 25.Rc2 Rac8 26.Nec3 g4 27.hxg4 Nxg4 28.Nd1 Nh2 29.Be2 Rcg8 30.Nc5
Rxg2 31.Na6 Nxa6 32.Bxa6 Be6 33.Nc3 Rh5 34.Nb5 h3 35.Rhc1 Bb8 36.Bc8 Rh8 37.Bb7
Nf3

[Event "11. Senioren Team Europameiste"]
[Site "Velden - Casino"]
[Date "2009.04.06"]
[Round "2"]
[Board "3"]
[White "Pushkov, Nikolai"]
[Black "Ulrichsen, Jarl H"]
[Result "1/2-1/2"]
[WhiteElo "2499"]
[BlackElo "2227"]
[PlyCount "54"]
[EventDate "2009.04.05"]
[EventType "team"]
[EventRounds "9"]
[EventCountry "AUT"]
[WhiteTeam "Russland"]
[BlackTeam "Norwegen 1"]

1.c4 e5 2.Nc3 Nc6 3.g3 Nf6 4.Bg2 Bb4 5.Nd5 a5 6.e3 O-O 7.a3 Bc5 8.Ne2 Re8 9.O-O
Nxd5 10.cxd5 Ne7 11.d4 exd4 12.Nxd4 d6 13.e4 c6 14.Be3 cxd5 15.exd5 Qb6 16.Qd2
Nf5 17.Nxf5 Bxf5 18.Bxc5 dxc5 19.Rac1 Qb3 20.Rfe1 h6 21.h4 Bd7 22.Re4 Rxe4
23.Bxe4 Rc8 24.Qc3 Qxc3 25.Rxc3 b6 26.Kg2 Kf8 27.Rc2 Ke7

[Event "11. Senioren Team Europameiste"]
[Site "Velden - Casino"]
[Date "2009.04.06"]
[Round "2"]
[Board "4"]
[White "Taksrud, Vidar"]
[Black "Chernikov, Oleg L"]
[Result "0-1"]
[WhiteElo "2191"]
[BlackElo "2388"]
[PlyCount "88"]
[EventDate "2009.04.05"]
[EventType "team"]
[EventRounds "9"]
[EventCountry "AUT"]
[WhiteTeam "Norwegen 1"]
[BlackTeam "Russland"]

1.d4 d5 2.Nf3 Nf6 3.g3 c6 4.Bg2 Bf5 5.O-O e6 6.c4 Nbd7 7.Nc3 Be7 8.cxd5 exd5
9.Bf4 O-O 10.Nh4 Be6 11.Qc2 Nh5 12.Nf3 Nxf4 13.gxf4 f5 14.e3 Kh8 15.Ne2 Nf6
16.Ng3 Ne4 17.Ne5 Bf6 18.Qe2 a5 19.Rfc1 g6 20.Rc2 a4 21.Rac1 Be7 22.Bf3 Bd6
23.a3 Qe7 24.Kg2 g5 25.Bxe4 fxe4 26.Qh5 Bxe5 27.fxe5 Rf3 28.Ne2 Rh3 29.Qxh3
Bxh3+ 30.Kxh3 Qe6+ 31.Kg3 h5 32.h3 Rf8 33.Ng1 h4+ 34.Kh2 g4 35.hxg4 Qxg4 36.Rf1
Rg8 37.f3 Qg3+ 38.Kh1 exf3 39.Nxf3 h3 40.Rff2 Rf8 41.e6 Rxf3 42.e7 Rxe3 43.Rf8+
Kg7 44.e8=Q Re1+

[Event "11. Senioren Team Europameiste"]
[Site "Velden - Casino"]
[Date "2009.04.06"]
[Round "2"]
[Board "2"]
[White "Hecht, Hans-Joachim"]
[Black "Hottes, Dieter"]
[Result "1/2-1/2"]
[WhiteElo "2390"]
[BlackElo "2163"]
[PlyCount "51"]
[EventDate "2009.04.05"]
[EventType "team"]
[EventRounds "9"]
[EventCountry "AUT"]
[WhiteTeam "Deutschland"]
[BlackTeam "Sachsen-Anhalt"]

1.d4 Nf6 2.c4 g6 3.Nc3 Bg7 4.e4 d6 5.Nf3 O-O 6.Be2 Bg4 7.Be3 Nfd7 8.Rc1 Nc6 9.d5
Nce5 10.Nxe5 Bxe2 11.Nxf7 Bxd1 12.Nxd8 Bg4 13.Nxb7 Ne5 14.Na5 Nd3+ 15.Kd2 Nxf2
16.Rhf1 Bxc3+ 17.Kxc3 Nxe4+ 18.Kd4 Nc5 19.b4 e5+ 20.dxe6 Nxe6+ 21.Kc3 Rfe8
22.Rce1 h5 23.Nc6 a6 24.a4 Bf5 25.Nd4 Be4 26.Rf6

[Event "11. Senioren Team Europameiste"]
[Site "Velden - Casino"]
[Date "2009.04.06"]
[Round "2"]
[Board "3"]
[White "Csulits, Anton"]
[Black "Klundt, Klaus"]
[Result "1/2-1/2"]
[WhiteElo "2207"]
[BlackElo "2347"]
[PlyCount "51"]
[EventDate "2009.04.05"]
[EventType "team"]
[EventRounds "9"]
[EventCountry "AUT"]
[WhiteTeam "Sachsen-Anhalt"]
[BlackTeam "Deutschland"]

1.d4 Nf6 2.Nf3 d5 3.g3 Bf5 4.Bg2 e6 5.O-O h6 6.c4 c6 7.Nc3 Nbd7 8.Qb3 Qb6 9.c5
Qa6 10.Re1 b6 11.Bf1 Qc8 12.cxb6 axb6 13.Bf4 Be7 14.Rac1 Nh5 15.Bd2 O-O 16.e4
dxe4 17.Nxe4 Nhf6 18.Nc3 Qb7 19.Bg2 Rac8 20.Nh4 Bh7 21.Bh3 Nd5 22.Nxd5 cxd5
23.Nf5 Bxf5 24.Bxf5 Bg5 25.Bxg5 hxg5 26.Bd3

[Event "11. Senioren Team Europameiste"]
[Site "Velden - Casino"]
[Date "2009.04.06"]
[Round "2"]
[Board "4"]
[White "Malich, Burkhard"]
[Black "Werchan, Hans"]
[Result "1-0"]
[WhiteElo "2372"]
[BlackElo "2174"]
[PlyCount "126"]
[EventDate "2009.04.05"]
[EventType "team"]
[EventRounds "9"]
[EventCountry "AUT"]
[WhiteTeam "Deutschland"]
[BlackTeam "Sachsen-Anhalt"]

1.d4 Nf6 2.Nf3 c5 3.e3 e6 4.c4 a6 5.Nc3 Be7 6.Bd3 d5 7.a4 Nc6 8.O-O O-O 9.h3 h6
10.b3 cxd4 11.exd4 b6 12.Bb2 Bb7 13.Rc1 Rc8 14.Re1 Re8 15.cxd5 exd5 16.Bf5 Rb8
17.Ne5 Bf8 18.Bb1 Rc8 19.Qd3 Rc7 20.Re2 g6 21.Rce1 Bg7 22.Na2 a5 23.Qb5 Rc8
24.b4 axb4 25.Nxb4 Nxb4 26.Qxb4 Ne4 27.Bd3 Bf8 28.Qb3 Nd6 29.Ba3 Re6 30.Rb1 Ne4
31.Bxf8 Kxf8 32.Rc2 Rxc2 33.Qxc2 Kg7 34.Qb2 Qa8 35.Bb5 Qa5 36.Rc1 Re7 37.Nd3 Nd6
38.Qa3 Re6 39.Qb4 Qxb4 40.Nxb4 Nxb5 41.axb5 Re7 42.f3 Kf8 43.Kf2 Ke8 44.g4 f6
45.h4 Kd7 46.Nd3 g5 47.Rh1 Ke6 48.hxg5 hxg5 49.Rh8 Kd7 50.Rf8 Ke6 51.Nb4 Rf7
52.Rb8 Kd6 53.Nc2 Kc7 54.Rg8 Bc8 55.Ne3 Be6 56.Rh8 Kb7 57.Kg3 Bd7 58.Nxd5 Bxb5
59.Rh6 Bc4 60.Nxf6 b5 61.Ne4 Rg7 62.Nd6+ Kc7 63.Nxc4 bxc4

[Event "11. Senioren Team Europameiste"]
[Site "Velden - Casino"]
[Date "2009.04.06"]
[Round "2"]
[Board "1"]
[White "Jansa, Vlastimil"]
[Black "Malmdin, Nils-Ake"]
[Result "1-0"]
[WhiteElo "2480"]
[BlackElo "2260"]
[PlyCount "59"]
[EventDate "2009.04.05"]
[EventType "team"]
[EventRounds "9"]
[EventCountry "AUT"]
[WhiteTeam "Tschechien"]
[BlackTeam "Schweden I"]

1.e4 c5 2.Nf3 e6 3.g3 b6 4.Bg2 Bb7 5.d3 Be7 6.O-O d6 7.Re1 Nd7 8.c3 Ngf6 9.Nbd2
O-O 10.a3 a5 11.b3 b5 12.Bb2 Nb6 13.Qe2 Qc7 14.d4 c4 15.a4 cxb3 16.axb5 a4 17.c4
Nfd7 18.Red1 e5 19.c5 dxc5 20.dxe5 Rfe8 21.Bh3 a3 22.Rxa3 Rxa3 23.Bxa3 Nxe5
24.Nxb3 Nxf3+ 25.Qxf3 c4 26.Bxe7 Qxe7 27.Nd2 Bxe4 28.Qe3 c3 29.Nxe4 Nd5 30.Qc5

[Event "11. Senioren Team Europameiste"]
[Site "Velden - Casino"]
[Date "2009.04.06"]
[Round "2"]
[Board "2"]
[White "Nordstrom, Felix"]
[Black "Pribyl, Josef"]
[Result "0-1"]
[WhiteElo "2187"]
[BlackElo "2346"]
[PlyCount "86"]
[EventDate "2009.04.05"]
[EventType "team"]
[EventRounds "9"]
[EventCountry "AUT"]
[WhiteTeam "Schweden I"]
[BlackTeam "Tschechien"]

1.d4 Nf6 2.c4 g6 3.Nc3 d5 4.Nf3 Bg7 5.e3 O-O 6.Qb3 dxc4 7.Bxc4 Nc6 8.Be2 Bd7
9.d5 Na5 10.Qa3 c6 11.b4 Nxd5 12.Bd2 b5 13.Rc1 Nc4 14.Bxc4 bxc4 15.Na4 a5
16.bxa5 c3 17.Nxc3 Rxa5 18.Qb3 Nxc3 19.Bxc3 Be6 20.Qb4 Bxc3+ 21.Rxc3 Rb5 22.Qa3
Rb1+ 23.Rc1 Rxc1+ 24.Qxc1 Qa5+ 25.Qd2 Ra8 26.Qxa5 Rxa5 27.O-O Rxa2 28.Ng5 Bd5
29.e4 Bc4 30.Rc1 f6 31.f3 Ra4 32.Nh3 Kf7 33.Nf2 Ke6 34.Nd1 Bb5 35.Nc3 Rc4 36.Kf2
g5 37.Ke3 Rb4 38.Rc2 Bc4 39.g3 c5 40.h4 h6 41.hxg5 hxg5 42.Rc1 Rb2 43.f4 g4

[Event "11. Senioren Team Europameiste"]
[Site "Velden - Casino"]
[Date "2009.04.06"]
[Round "2"]
[Board "3"]
[White "Trapl, Jindrich"]
[Black "Svensson, Leif"]
[Result "1-0"]
[WhiteElo "2353"]
[BlackElo "2158"]
[PlyCount "53"]
[EventDate "2009.04.05"]
[EventType "team"]
[EventRounds "9"]
[EventCountry "AUT"]
[WhiteTeam "Tschechien"]
[BlackTeam "Schweden I"]

1.e4 e5 2.Nf3 Nc6 3.Bc4 Bc5 4.b4 Bb6 5.Nc3 d6 6.Nd5 Nf6 7.O-O O-O 8.a4 a6 9.d3
Nxd5 10.exd5 Ne7 11.d4 e4 12.Ng5 c6 13.dxc6 d5 14.cxb7 Bxb7 15.Bb3 h6 16.Nh3 Nf5
17.Be3 Qf6 18.Nf4 Rad8 19.Nh5 Qd6 20.Ng3 Nxg3 21.hxg3 Qxb4 22.Rb1 Qd6 23.c4 dxc4
24.Bxc4 Rc8 25.Qb3 Bd8 26.Rfc1 Ba8 27.Bxf7+

[Event "11. Senioren Team Europameiste"]
[Site "Velden - Casino"]
[Date "2009.04.06"]
[Round "2"]
[Board "4"]
[White "Nyberg, Ulf"]
[Black "Sikora-Lerch, Jan"]
[Result "1-0"]
[WhiteElo "2142"]
[BlackElo "2216"]
[PlyCount "69"]
[EventDate "2009.04.05"]
[EventType "team"]
[EventRounds "9"]
[EventCountry "AUT"]
[WhiteTeam "Schweden I"]
[BlackTeam "Tschechien"]

1.d4 c5 2.d5 Nf6 3.Nc3 g6 4.e4 d6 5.f4 Bg7 6.Bb5+ Nfd7 7.a4 O-O 8.Nf3 Na6 9.O-O
Nc7 10.Bc4 Nb6 11.Be2 Bg4 12.a5 Nd7 13.Be3 b5 14.axb6 axb6 15.Qd3 Rb8 16.h3 Bxf3
17.Bxf3 b5 18.Ra2 b4 19.Ne2 Nb5 20.c4 bxc3 21.bxc3 Qc8 22.Kh2 c4 23.Qc2 Nc5
24.Nd4 Nb3 25.Nxb5 Rxb5 26.Rd1 Qb8 27.Be2 Rc8 28.Rb1 Nc5 29.Rab2 Rxb2 30.Rxb2
Qc7 31.Bxc4 Bxc3 32.Qxc3 Nxe4 33.Qd4 Qxc4 34.Rb8 Nd2 35.Qxc4

[Event "11. Senioren Team Europameiste"]
[Site "Velden - Casino"]
[Date "2009.04.06"]
[Round "2"]
[Board "1"]
[White "Winiwarter, Felix"]
[Black "Danner, Georg"]
[Result "0-1"]
[WhiteElo "2220"]
[BlackElo "2445"]
[PlyCount "140"]
[EventDate "2009.04.05"]
[EventType "team"]
[EventRounds "9"]
[EventCountry "AUT"]
[WhiteTeam "Niederoesterreich"]
[BlackTeam "OEsterreich"]

1.e4 c5 2.Nf3 d6 3.d4 Nf6 4.Nc3 cxd4 5.Nxd4 Nc6 6.Be2 e5 7.Nb3 Be7 8.Bg5 Be6
9.O-O O-O 10.Bxf6 Bxf6 11.Nd5 Bg5 12.c3 a5 13.Qd3 Ne7 14.Nxe7+ Qxe7 15.Rfd1 Rfc8
16.Qxd6 Qxd6 17.Rxd6 a4 18.Nd2 a3 19.b3 Rxc3 20.Nc4 Bc1 21.Rd1 Bxc4 22.Bxc4 Bb2
23.Rab1 Rc2 24.Bd3 Rc5 25.Rd2 Rac8 26.Kf1 g6 27.Ke2 Kg7 28.g3 R8c7 29.Rf1 h5
30.f4 exf4 31.gxf4 b5 32.Rdd1 b4 33.Bb1 Rc3 34.Rd3 R3c6 35.Rfd1 Rf6 36.Rf3 Rc1
37.Rxc1 Bxc1 38.f5 Rd6 39.Bd3 Bb2 40.Bc4 g5 41.h3 Kf6 42.Rd3 Bd4 43.Kf3 Ke7
44.Rd2 f6 45.Bd5 Bc3 46.Rd3 Rd7 47.Rd1 Rc7 48.Rd3 Be5 49.Bc4 Rc8 50.Rd2 Bb2
51.Rd3 Rc5 52.Kg2 Rc6 53.Kf2 Be5 54.Kg2 Bd6 55.Kf3 Rc8 56.Rd5 Rc6 57.Ra5 Bc5
58.Ra8 Bd4 59.Rb8 Bc3 60.Bd5 Ra6 61.Bc4 Ra5 62.Rh8 Rc5 63.Bd5 Bd4 64.Ra8 Rc3+
65.Ke2 Rxh3 66.Ra7+ Kd6 67.Ra6+ Kc5 68.Rc6+ Kb5 69.Re6 Bb2 70.Bc6+ Kc5

[Event "11. Senioren Team Europameiste"]
[Site "Velden - Casino"]
[Date "2009.04.06"]
[Round "2"]
[Board "2"]
[White "Wittmann, Walter"]
[Black "Weinwurm, Wolfgang"]
[Result "1-0"]
[WhiteElo "2272"]
[BlackElo "2152"]
[PlyCount "61"]
[EventDate "2009.04.05"]
[EventType "team"]
[EventRounds "9"]
[EventCountry "AUT"]
[WhiteTeam "OEsterreich"]
[BlackTeam "Niederoesterreich"]

1.e4 e5 2.Nf3 Nc6 3.Nc3 Nf6 4.Bb5 Bc5 5.Nxe5 Nxe5 6.d4 Bd6 7.f4 Nc6 8.e5 Be7
9.d5 Nb4 10.exf6 Bxf6 11.O-O O-O 12.a3 Na6 13.Be3 d6 14.Bxa6 bxa6 15.Qd3 Qd7
16.Bd4 Qf5 17.Ne4 Bxd4+ 18.Qxd4 Re8 19.Rae1 Bd7 20.Re3 f6 21.b4 Kh8 22.c4 Qg6
23.Rfe1 Re7 24.Ng3 Rxe3 25.Rxe3 Qf7 26.h3 h5 27.Ne4 Bf5 28.Nd2 Qg6 29.Kf1 a5
30.b5 Qf7 31.Nf3

[Event "11. Senioren Team Europameiste"]
[Site "Velden - Casino"]
[Date "2009.04.06"]
[Round "2"]
[Board "3"]
[White "Strobel, Ferdinand"]
[Black "Janetschek, Karl"]
[Result "0-1"]
[WhiteElo "2209"]
[BlackElo "2267"]
[PlyCount "53"]
[EventDate "2009.04.05"]
[EventType "team"]
[EventRounds "9"]
[EventCountry "AUT"]
[WhiteTeam "Niederoesterreich"]
[BlackTeam "OEsterreich"]

1.f4 Nf6 2.Nf3 g6 3.g3 Bg7 4.Bg2 O-O 5.O-O c5 6.d3 d5 7.c3 Nc6 8.Qe1 d4 9.Na3
Nd5 10.Bd2 Be6 11.h3 Qd7 12.g4 f5 13.g5 Rad8 14.e3 dxe3 15.Bxe3 Nxe3 16.Qxe3 Bf7
17.Rfd1 Rfe8 18.Nc4 Qc7 19.Nce5 Bxe5 20.fxe5 Bd5 21.Qxc5 b6 22.Qe3 Bxf3 23.Bxf3
Nxe5 24.Be2 Nf7 25.h4 e5 26.Rf1 Kg7 27.Rf2

[Event "11. Senioren Team Europameiste"]
[Site "Velden - Casino"]
[Date "2009.04.06"]
[Round "2"]
[Board "4"]
[White "Roth, Peter"]
[Black "Illner, Gerhard"]
[Result "1-0"]
[WhiteElo "2219"]
[BlackElo "2023"]
[PlyCount "71"]
[EventDate "2009.04.05"]
[EventType "team"]
[EventRounds "9"]
[EventCountry "AUT"]
[WhiteTeam "OEsterreich"]
[BlackTeam "Niederoesterreich"]

1.e4 e6 2.d4 d5 3.Nc3 Nf6 4.Bg5 dxe4 5.Nxe4 Be7 6.Bxf6 Bxf6 7.Nf3 b6 8.c3 Bb7
9.Bd3 Nd7 10.Qe2 a6 11.O-O-O Qe7 12.Kb1 b5 13.Rhe1 Bd5 14.Qe3 O-O 15.Qf4 Rac8
16.h4 g6 17.h5 c5 18.dxc5 Bxe4 19.Bxe4 Nxc5 20.Bc2 a5 21.hxg6 fxg6 22.Qd6 Qg7
23.Bb3 b4 24.Bxe6+ Nxe6 25.Qxe6+ Qf7 26.cxb4 axb4 27.Rd7 Qxe6 28.Rxe6 Rc4 29.Nd2
Rf4 30.f3 Rc8 31.Ne4 Bd8 32.Re8+ Rf8 33.Rxf8+ Kxf8 34.Rxh7 Rc6 35.Rh1 b3 36.axb3

[Event "11. Senioren Team Europameiste"]
[Site "Velden - Casino"]
[Date "2009.04.06"]
[Round "2"]
[Board "2"]
[White "Bukacek, Emil"]
[Black "Vucenovic, Dragomir"]
[Result "0-1"]
[WhiteElo "2211"]
[BlackElo "2296"]
[PlyCount "88"]
[EventDate "2009.04.05"]
[EventType "team"]
[EventRounds "9"]
[EventCountry "AUT"]
[WhiteTeam "Wien 2"]
[BlackTeam "Schweiz"]

1.e4 c5 2.Nc3 e6 3.g3 Nc6 4.Bg2 g6 5.d3 Bg7 6.Bf4 d6 7.Qd2 h6 8.Nf3 e5 9.Be3
Nge7 10.Nh4 g5 11.Nf3 Nd4 12.Ne2 Bh3 13.O-O Nxf3+ 14.Bxf3 Bxf1 15.Rxf1 Qd7 16.c3
O-O 17.d4 cxd4 18.cxd4 Nc6 19.Rd1 a6 20.Bg2 Rad8 21.f4 exd4 22.Nxd4 Nxd4 23.Bxd4
Qe6 24.Bxg7 Kxg7 25.fxg5 hxg5 26.Qxg5+ Qg6 27.Qd5 Rc8 28.Rf1 Rc5 29.Qxb7 Qg5
30.Qb3 Rc1 31.Qd3 Rfc8 32.h4 Rxf1+ 33.Bxf1 Qe5 34.Qf3 Rc1 35.b3 a5 36.a4 Re1
37.Qg4+ Kf6 38.Qf3+ Ke7 39.Kf2 Qxe4 40.Bc4 Qxf3+ 41.Kxf3 f5 42.g4 fxg4+ 43.Kxg4
Kf6 44.h5 Re4+

[Event "11. Senioren Team Europameiste"]
[Site "Velden - Casino"]
[Date "2009.04.06"]
[Round "2"]
[Board "3"]
[White "Hohler, Peter"]
[Black "Stuerzenbaum, Arthur"]
[Result "1/2-1/2"]
[WhiteElo "2207"]
[BlackElo "2189"]
[PlyCount "47"]
[EventDate "2009.04.05"]
[EventType "team"]
[EventRounds "9"]
[EventCountry "AUT"]
[WhiteTeam "Schweiz"]
[BlackTeam "Wien 2"]

1.d4 Nf6 2.c4 g6 3.Nc3 Bg7 4.e4 d6 5.f3 O-O 6.Be3 c5 7.Nge2 cxd4 8.Nxd4 Nc6
9.Qd2 Bd7 10.Be2 Nxd4 11.Bxd4 Bc6 12.O-O Nd7 13.Bxg7 Kxg7 14.Rad1 a5 15.Kh1 a4
16.f4 Qa5 17.Bd3 Qc5 18.Qe2 e6 19.Qf2 Rad8 20.Qh4 Nf6 21.Rde1 a3 22.Qf2 Qxf2
23.Rxf2 axb2 24.Rxb2

[Event "11. Senioren Team Europameiste"]
[Site "Velden - Casino"]
[Date "2009.04.06"]
[Round "2"]
[Board "4"]
[White "Hirsch, Adolf"]
[Black "Illi, Hans-Joerg"]
[Result "0-1"]
[WhiteElo "2057"]
[BlackElo "2144"]
[PlyCount "107"]
[EventDate "2009.04.05"]
[EventType "team"]
[EventRounds "9"]
[EventCountry "AUT"]
[WhiteTeam "Wien 2"]
[BlackTeam "Schweiz"]

1.Nf3 Nf6 2.g3 d5 3.Bg2 c6 4.c4 Bf5 5.cxd5 cxd5 6.Qb3 Qc8 7.Nc3 e6 8.d3 Nc6
9.Bf4 Bb4 10.O-O Bxc3 11.bxc3 O-O 12.Rfe1 h6 13.Rab1 b6 14.Ne5 g5 15.Nxc6 Qxc6
16.Bd2 Rac8 17.Qb2 Qd7 18.c4 d4 19.Qc1 Bg6 20.h4 gxh4 21.Bxh6 hxg3 22.fxg3 Rfe8
23.Bf3 e5 24.Qg5 Nh7 25.Qh4 Rc5 26.Kg2 Qe7 27.Qxe7 Rxe7 28.Bd2 e4 29.dxe4 Rxe4
30.Rbd1 Re8 31.Bb4 Rxc4 32.a3 Ng5 33.Bd5 Be4+ 34.Bxe4 Nxe4 35.Rc1 Nc3 36.Kf2 a5
37.Bxc3 dxc3 38.Rc2 b5 39.Rb1 b4 40.a4 Rd4 41.Rh1 Rc8 42.Ke3 Rg4 43.Kf3 Rgc4
44.Rb1 Rb8 45.Rb3 Kg7 46.Rc1 Rd8 47.Rc2 Rd1 48.e3 Ra1 49.Ke2 Rxa4 50.Kd3 Rg4
51.Rb1 Rxg3 52.Rf2 Rg6 53.Rbf1 Rd6+ 54.Kc4 {and black wins after a few more
moves!}

[Event "11. Senioren Team Europameiste"]
[Site "Velden - Casino"]
[Date "2009.04.06"]
[Round "2"]
[Board "1"]
[White "Boehnisch, Manfred"]
[Black "Rooze, Jan"]
[Result "1/2-1/2"]
[WhiteElo "2374"]
[BlackElo "2283"]
[PlyCount "36"]
[EventDate "2009.04.05"]
[EventType "team"]
[EventRounds "9"]
[EventCountry "AUT"]
[WhiteTeam "Schachgemeinschaft Leipzig"]
[BlackTeam "Belgien"]

1.e4 c5 2.Nf3 e6 3.c3 Nf6 4.e5 Nd5 5.Bc4 d6 6.d4 cxd4 7.cxd4 Nc6 8.O-O Be7
9.exd6 Qxd6 10.Nc3 O-O 11.Ne4 Qd8 12.a3 b6 13.Qd3 Nf6 14.Neg5 h6 15.Nh3 Bb7
16.b4 Nb8 17.Ne5 Nbd7 18.Nf4 Nxe5

[Event "11. Senioren Team Europameiste"]
[Site "Velden - Casino"]
[Date "2009.04.06"]
[Round "2"]
[Board "3"]
[White "Boehlig, Heinz"]
[Black "Maes, Valeer"]
[Result "1/2-1/2"]
[WhiteElo "2261"]
[BlackElo "2151"]
[PlyCount "34"]
[EventDate "2009.04.05"]
[EventType "team"]
[EventRounds "9"]
[EventCountry "AUT"]
[WhiteTeam "Schachgemeinschaft Leipzig"]
[BlackTeam "Belgien"]

1.Nf3 d5 2.d4 Nf6 3.c4 e6 4.g3 c6 5.Bg2 Nbd7 6.Qc2 Bd6 7.O-O O-O 8.Nbd2 a5 9.e4
Nxe4 10.Nxe4 dxe4 11.Qxe4 Re8 12.Rd1 Qe7 13.Ne5 f6 14.Nd3 f5 15.Qe2 e5 16.dxe5
Nxe5 17.Nxe5 Qxe5

[Event "11. Senioren Team Europameiste"]
[Site "Velden - Casino"]
[Date "2009.04.06"]
[Round "2"]
[Board "4"]
[White "Hajenius, Willem"]
[Black "Weber, Bernd"]
[Result "0-1"]
[WhiteElo "2076"]
[BlackElo "2143"]
[PlyCount "96"]
[EventDate "2009.04.05"]
[EventType "team"]
[EventRounds "9"]
[EventCountry "AUT"]
[WhiteTeam "Belgien"]
[BlackTeam "Schachgemeinschaft Leipzig"]

1.d4 d5 2.c4 c6 3.cxd5 cxd5 4.Nc3 Nf6 5.Nf3 Nc6 6.Bf4 a6 7.e3 Bg4 8.Bd3 e6 9.h3
Bxf3 10.Qxf3 Be7 11.O-O O-O 12.Rac1 Rc8 13.Rfd1 Na5 14.e4 Nc4 15.e5 Ne8 16.Qh5
g6 17.Qe2 b5 18.b3 Na5 19.Qg4 Ng7 20.Bh6 Nc6 21.Ne2 Qd7 22.Nf4 Nb8 23.Rxc8 Rxc8
24.Bxg7 Kxg7 25.Nh5+ Kh8 26.Qf4 gxh5 27.Qh6 f5 28.exf6 Bb4 29.Bg6 Rg8 30.Bxh5
Nc6 31.f7 Rg7 32.Re1 Nd8 33.Qf6 Qe7 34.Qf3 Rxf7 35.Bxf7 Bxe1 36.Bh5 Bb4 37.g4
Qf8 38.Qe3 Qf6 39.g5 Qf5 40.Qg3 Nf7 41.Bxf7 Qxf7 42.h4 Ba5 43.Qb8+ Kg7 44.Qe5+
Kg6 45.f4 Bc7 46.h5+ Kxh5 47.g6+ Bxe5 48.gxf7 Bxd4+

[Event "11. Senioren Team Europameiste"]
[Site "Velden - Casino"]
[Date "2009.04.06"]
[Round "2"]
[Board "1"]
[White "Villing, Dieter"]
[Black "Sloth, Jorn"]
[Result "1/2-1/2"]
[WhiteElo "2220"]
[BlackElo "2322"]
[PlyCount "68"]
[EventDate "2009.04.05"]
[EventType "team"]
[EventRounds "9"]
[EventCountry "AUT"]
[WhiteTeam "Stiftung Bahn-Sozialwerk/DBAG I"]
[BlackTeam "Danmark 1"]

1.e4 e6 2.d4 d5 3.Nc3 Bb4 4.e5 Ne7 5.Nf3 b6 6.Bd2 Bxc3 7.Bxc3 Ba6 8.Bxa6 Nxa6
9.Qd3 Nb8 10.Bd2 Nd7 11.h4 c5 12.c3 Qc7 13.h5 Rc8 14.h6 g6 15.O-O Nc6 16.b4 c4
17.Qe2 b5 18.a4 a6 19.a5 O-O 20.Bg5 Rce8 21.Rae1 f6 22.exf6 Nxf6 23.Bxf6 Rxf6
24.Ne5 Nxe5 25.Qxe5 Qxe5 26.Rxe5 Kf7 27.f4 Ke7 28.Rfe1 Kd6 29.g3 Re7 30.Kf2 Re8
31.Kf3 Ref8 32.Kg4 R6f7 33.R1e3 Rf6 34.Kh4 Re8

[Event "11. Senioren Team Europameiste"]
[Site "Velden - Casino"]
[Date "2009.04.06"]
[Round "2"]
[Board "2"]
[White "Brinck-Claussen, Bjorn"]
[Black "Kugelmann, Werner"]
[Result "1/2-1/2"]
[WhiteElo "2290"]
[BlackElo "2190"]
[PlyCount "84"]
[EventDate "2009.04.05"]
[EventType "team"]
[EventRounds "9"]
[EventCountry "AUT"]
[WhiteTeam "Danmark 1"]
[BlackTeam "Stiftung Bahn-Sozialwerk/DBAG I"]

1.e4 e6 2.d4 d5 3.Nc3 Nf6 4.e5 Nfd7 5.f4 c5 6.Nf3 Nc6 7.Be3 a6 8.Qd2 cxd4 9.Nxd4
Bc5 10.O-O-O Nxd4 11.Bxd4 Bxd4 12.Qxd4 Qb6 13.Qxb6 Nxb6 14.g3 Bd7 15.Bh3 Ke7
16.Rhe1 Rac8 17.Ne2 Nc4 18.Nd4 Na5 19.Kb1 Nc6 20.Nf3 Rhd8 21.Rd2 Kf8 22.Bf1 Ne7
23.Bd3 h6 24.Nd4 Nc6 25.c3 Nxd4 26.cxd4 Rc6 27.g4 Rb6 28.a3 Bb5 29.Bc2 Rc8
30.Re3 Bd7 31.h4 Ke7 32.h5 Rbc6 33.Rg3 Rh8 34.Bd3 Rhc8 35.Rd1 Rb6 36.f5 Ba4
37.Rf1 Rc3 38.Ka2 Bb3+ 39.Ka1 Rxd3 40.Rxd3 Bc4 41.Rdd1 Bxf1 42.Rxf1 f6

[Event "11. Senioren Team Europameiste"]
[Site "Velden - Casino"]
[Date "2009.04.06"]
[Round "2"]
[Board "3"]
[White "Siegmund, Rainer"]
[Black "Jorgensen, Jorgen"]
[Result "0-1"]
[WhiteElo "2140"]
[BlackElo "2274"]
[PlyCount "44"]
[EventDate "2009.04.05"]
[EventType "team"]
[EventRounds "9"]
[EventCountry "AUT"]
[WhiteTeam "Stiftung Bahn-Sozialwerk/DBAG I"]
[BlackTeam "Danmark 1"]

1.d4 f5 2.g3 Nf6 3.Bg2 g6 4.c4 Bg7 5.Nc3 d6 6.d5 O-O 7.Nh3 a5 8.O-O Na6 9.Nf4
Nc5 10.Qc2 Bd7 11.b3 Qe8 12.Bb2 g5 13.Nd3 Qh5 14.Nxc5 dxc5 15.Rae1 f4 16.Ne4 Bf5
17.Bxf6 Bxf6 18.Qd2 Bd4 19.gxf4 Bxe4 20.Bxe4 Rxf4 21.Bf3 Qh3 22.Bg2 Rg4